| 000 | 00788nam a22002292 4500 | ||
|---|---|---|---|
| 001 | 0000012930 | ||
| 005 | 20151217155219.0 | ||
| 008 | 090505s xx 000 0 eng d | ||
| 020 | _a0273655442 : | ||
| 040 |
_aKABU _cKABU |
||
| 245 | 1 | 0 |
_aWork psychology : _bunderstanding human behaviour in the workplace / _cJohn Arnold ... [et al.]. |
| 250 | _a4th ed. | ||
| 260 |
_aHarlow, England : _bPearson Education, _c2005. |
||
| 300 | _axxv, 718 p. | ||
| 500 | _aRev. ed. of : Work psychology / John Arnold. 3rd ed. 1998. | ||
| 650 | 0 |
_aPsychology, Industrial. _@0000150821 |
|
| 650 | 0 |
_aWork _xPsychological aspects. _@0000158162 |
|
| 700 | 1 |
_aArnold, John Floyd. _@0000117649 |
|
| 852 | 1 | _9p4800 KES | |
| 908 | _a090505 | ||
| 950 | _@1 | ||
| 999 |
_c12046 _d12046 |
||